| 000 -ლიდერი |
| ფიქსირებული სიგრძის საკონტროლო ველი |
02181nam a22002897a 4500 |
| 003 - საკონტროლო ნომრის იდენტიფიკატორი |
| საკონტროლო ველი |
Ge_BSU |
| 005 - ბოლო ოპერაციის თარიღი და დრო |
| საკონტროლო ველი |
20191030155408.0 |
| 008 - ფიქსირებული სიგრძის მონაცემთა ელემენტები - ზოგადი ინფორმაცია |
| ფიქსირებული სიგრძის საკონტროლო ველი |
191030s2018 ||||| |||| 00| 0 geo d |
| 020 ## - წიგნის საერთაშორისო სტანდარტული ნომერი |
| International Standard Book Number |
9789941462825(ტ. 4) |
| 041 ## - ენის კოდი |
| Language code of text/sound track or separate title |
geo |
| 080 ## - უნივერსალური ათობითი კლასიფიკაციის ინდექსი |
| Universal Decimal Classification number |
821.353.1-91+398.22(=353.1) ა-95 |
| 245 ## - ცნობა სათაურის შესახებ |
| Title |
აჭარული საუნჯე : (ქედა) ტ . 4 : კრებული / |
| Statement of responsibility, etc |
ქეთევან საფარიძე ; ლია მახარაძე ; ლეილა ბეჟანიძემ და სხვ... მთავარ : რედ : მერაბ ხალვაში ; რედ : ნოდარ კახიძე, როინ მალაყმაძე, ნანული ნოღაიდელი და სხვ. |
| 264 ## - წარმოების, გამოცემის, დისტრიბუციის და სხვა ცნობები |
| გამოცემის, წარმოების, დისტრიბუციის... ადგილი |
ბათუმი : |
| გამოცემის, წარმოების, დისტრიბუციის... სახელწოდება |
ბათუმის შოთა რუსთაველის სახელმწ. უნ-ტის გამ-ბა, |
| გამოცემის, წარმოების, დისტრიბუციის... თარიღი |
2018. |
| 300 ## - ფიზიკური აღწერა |
| Extent |
431გვ .: |
| Other physical details |
ილ ; |
| Dimensions |
29 სმ. |
| 653 ## - INDEX TERM--UNCONTROLLED |
| Uncontrolled term |
ფოლკლორულ-დიალექტოლოგიური მასალები |
| 653 ## - INDEX TERM--UNCONTROLLED |
| Uncontrolled term |
ლიტერატურა |
| 653 ## - INDEX TERM--UNCONTROLLED |
| Uncontrolled term |
ფოლკლორი |
| 700 ## - ADDED ENTRY--PERSONAL NAME |
| Personal name |
საფარიძე, ქეთევან |
| 9 (RLIN) |
5103 |
| 700 ## - ADDED ENTRY--PERSONAL NAME |
| Personal name |
მახარაძე, ლია |
| 9 (RLIN) |
5104 |
| 700 ## - ADDED ENTRY--PERSONAL NAME |
| Personal name |
ბეჟანიძე, ლეილა |
| 9 (RLIN) |
5105 |
| 700 ## - ADDED ENTRY--PERSONAL NAME |
| Personal name |
ხალვაში, მერაბ |
| Relator term |
მთავარი რედაქტორი |
| 9 (RLIN) |
4070 |
| 700 ## - ADDED ENTRY--PERSONAL NAME |
| Personal name |
კახიძე, ნოდარ |
| Relator term |
რედაქტორი |
| 9 (RLIN) |
5106 |
| 700 ## - ADDED ENTRY--PERSONAL NAME |
| Personal name |
მალაყმაძე, როინ |
| Relator term |
რედაქტორი |
| 9 (RLIN) |
4544 |
| 700 ## - ADDED ENTRY--PERSONAL NAME |
| Personal name |
ნოღაიდელი, ნანული |
| Relator term |
რედაქტორი |
| 9 (RLIN) |
5107 |
| 710 ## - ADDED ENTRY--CORPORATE NAME |
| Relator term |
ბათუმის შოთა რუსთაველის სახელმწ. უნ-ტი, ნიკო ბერძენიშვილის ინ-ტის ფოლკლორის, დიალექტოლოგიისა და ემიგრანტული ლიტ-რის კვლევის განყ-ბა |
| 9 (RLIN) |
5115 |
| 942 ## - ADDED ENTRY ELEMENTS (KOHA) |
| Source of classification or shelving scheme |
|
| Koha item type |
წიგნი |